000
00253nam a2200097 a 4500
005
20200930070113.0
008
110822s2004 000 spa d
245
4
_a
Los cooperativistas y su fundador al querido jefe.
260
_c
[s.f.].
999
_c
32706
_d
32706
040
_a
DO-SdBNP